| 000 | 00805nam a22002417a 4500 | ||
|---|---|---|---|
| 999 |
_c79442 _d79442 |
||
| 005 | 20230301114640.0 | ||
| 010 | _aB-519476-480 ENG-122081 ENG-136075 | ||
| 020 |
_a9789380403038 _c595.00 |
||
| 020 |
_a9380403038 _c595.00 |
||
| 035 | _aB-519476-480 | ||
| 035 | _aEN-105613 | ||
| 035 | _aEN-119607 | ||
| 037 |
_adpl _bBSB/Ven. |
||
| 037 | _aDBAD/PUB | ||
| 082 | _a954 | ||
| 245 |
_aKnowing India : _bcolonial and modern constructions of the past _cedited by Cynthia Talbot |
||
| 260 |
_aNew Delhi _bYoda Press _c2011 |
||
| 270 |
_a268 A/C, Vasant Kunj _bNew Delhi _e110070 |
||
| 300 |
_axii,409p. : _c20cm(pbk) _bill. |
||
| 700 | _aTalbot, Cynthia | ||
| 942 |
_2ddc _cEN _mKNO _h954 |
||